000 00355nam a2200145Ia 4500
008 230917s9999||||xx |||||||||||||| ||und||
040 _e207107
_aMAIN
041 _aEnglish
082 _a340 S59C
100 _aSonu
245 0 _aChild protection in India: emerging issues
260 _aRohtak
_bM.D.University
_c2010
300 _a480 p.
942 _cTH
999 _c125557
_d125557